Statistiques concernant Nommez ce personnage historique n°3

Cliquez ici pour prendre le quiz!

Statistiques générales

  • Ce quiz a été pris 7,466 fois
  • Le résultat moyen est 12 sur 20

Statistiques - réponses

Answer % Correct
Adolf Hitler
97%
Albert Einstein
96%
Marilyn Monroe
91%
Mao Zedong
81%
Abraham Lincoln
81%
Marie-Antoinette
79%
Johnny Hallyday
77%
Salvador Dalí
77%
Louis Armstrong
67%
Reine Victoria
64%
Margaret Thatcher
59%
Raspoutine
49%
Franklin D. Roosevelt
42%
Benito Mussolini
41%
Socrate
38%
Charles Darwin
35%
Walt Disney
31%
Isaac Newton
27%
Ayatollah Khomeini
25%
Vlad l'Empaleur
24%

Distribution des résultats

Percentile par nombre de réponses

% des personnes avec chaque résultat

Votre développement - résultats

Vous n’avez pas pris ce quiz